[Event "6th Uppsala Young Champions 2019"]
[Site "Uppsala"]
[Date "2019.10.30"]
[Round "9.14"]
[White "Grahn, Vidar"]
[Black "Mitra, Akash"]
[Result "1-0"]
[WhiteElo "1926"]
[BlackElo "1936"]
[Annotator "NA"]
[PlyCount "107"]
[EventDate "2019.10.25"]
[EventType "swiss"]
[EventCountry "SWE"]
[SourceTitle "playchess.com"]
[Source "ChessBase"]
[SourceQuality "1"]
[TimeControl "5400+30"]

1. e4 {[%emt 1:30:30]} c5 {[%emt 1:30:30]} 2. Nf3 {[%emt 0:00:30]} d6 {[%emt 0:00:30]} 3. d4 {[%emt 0:00:30]} cxd4 {[%emt 0:00:30]} 4. Nxd4 {[%emt 0:00:30]} Nf6 {[%emt 0:00:30]} 5. Nc3 {[%emt 0:00:30]} g6 {[%emt 0:00:30]} 6. Be3 {[%emt 0:00:30]} Bg7 {[%emt 0:00:30]} 7. f3 {[%emt 0:00:30]} O-O {[%emt 0:00:30]} 8. Qd2 {[%emt 0:00:30]} Nc6 {[%emt 0:00:30]} 9. Bc4 {[%emt 0:00:30]} Bd7 {[%emt 0:00:30]} 10. O-O-O {[%emt 0:00:30]} Qa5 {[%emt 0:00:30]} 11. g4 {[%emt 0:00:30]} Rfc8 {[%emt 0:00:30]} 12. Bb3 {[%emt 0:00:30]} Ne5 {[%emt 0:00:30]} 13. Bh6 {[%emt 0:00:30]} Bxh6 {[%emt 0:00:30]} 14. Qxh6 {[%emt 0:00:30]} Rxc3 {[%emt 0:00:30]} 15. bxc3 {[%emt 0:00:30]} Qxc3 {[%emt 0:00:30]} 16. Kb1 {[%emt 0:00:30]} a5 {[%emt 0:00:30]} 17. a4 {[%emt 0:00:30]} b5 {[%emt 0:00:30]} 18. axb5 {[%emt 0:00:30]} a4 {[%emt 0:00:30]} 19. Ba2 {[%emt 0:00:30]} a3 {[%emt 0:00:30]} 20. Qc1 {[%emt 0:00:30]} Ra4 {[%emt 0:00:30]} 21. f4 {[%emt 0:00:30]} Rxd4 {[%emt 0:00:30]} 22. Rxd4 {[%emt 0:00:30]} Qxd4 {[%emt 0:00:30]} 23. fxe5 {[%emt 0:00:30]} Qb4+ {[%emt 0:00:30]} 24. Bb3 {[%emt 0:00:30]} Nxe4 {[%emt 0:00:30]} 25. exd6 {[%emt 0:00:30]} Qxd6 {[%emt 0:00:30]} 26. Re1 {[%emt 0:00:30]} Qe5 {[%emt 0:00:30]} 27. b6 {[%emt 0:00:30]} Bc6 {[%emt 0:00:30]} 28. Rxe4 {[%emt 0:00:30]} Qxe4 {[%emt 0:00:30]} 29. Qxa3 {[%emt 0:00:30]} e6 {[%emt 0:00:30]} 30. Qd6 {[%emt 0:00:30]} Qf3 {[%emt 0:00:30]} 31. g5 {[%emt 0:00:30]} Be4 {[%emt 0:00:30]} 32. Kb2 {[%emt 0:00:30]} Kg7 {[%emt 0:00:30]} 33. Qd4+ {[%emt 0:00:30]} Kg8 {[%emt 0:00:30]} 34. Qc3 {[%emt 0:00:30]} Qg2 {[%emt 0:00:30]} 35. Qg3 {[%emt 0:00:30]} Qh1 {[%emt 0:00:30]} 36. Bc4 {[%emt 0:00:30]} Bb7 {[%emt 0:00:30]} 37. Qd6 {[%emt 0:00:30]} Qe4 {[%emt 0:00:30]} 38. Kb3 {[%emt 0:00:30]} Qh1 {[%emt 0:00:30]} 39. Qd8+ {[%emt 0:00:30]} Kg7 {[%emt 0:00:30]} 40. Qf6+ {[%emt 0:00:30]} Kg8 {[%emt 0:00:30]} 41. Qe5 {[%emt 0:00:30]} Qc6 {[%emt 0:00:30]} 42. Qa5 {[%emt 0:00:30]} Qh1 {[%emt 0:00:30]} 43. Kb2 {[%emt 0:00:30]} Qxh2 {[%emt 0:00:30]} 44. Ba6 {[%emt 0:00:30]} Bxa6 {[%emt 0:00:30]} 45. Qxa6 {[%emt 0:00:30]} Qe5+ {[%emt 0:00:30]} 46. c3 {[%emt 0:00:30]} Qd5 {[%emt 0:00:30]} 47. b7 {[%emt 0:00:30]} Qd2+ {[%emt 0:00:30]} 48. Kb3 {[%emt 0:00:30]} Qd1+ {[%emt 0:00:30]} 49. Kb4 {[%emt 0:00:30]} Qb1+ {[%emt 0:00:30]} 50. Ka5 {[%emt 0:00:30]} Qa1+ {[%emt 0:00:30]} 51. Kb6 {[%emt 0:00:30]} Qg1+ {[%emt 0:00:30]} 52. Kc7 {[%emt 0:00:30]} Qg3+ {[%emt 0:00:30]} 53. Kd7 {[%emt 0:00:30]} Kg7 {[%emt 0:00:30]} 54. Qd6 {[%emt 0:00:30]} 1-0

[Event "6th Uppsala Young Champions 2019"]
[Site "Uppsala"]
[Date "2019.10.30"]
[Round "9.15"]
[White "Dingertz, Erik"]
[Black "Ostlund, Joar"]
[Result "*"]
[WhiteElo "1908"]
[BlackElo "1955"]
[Annotator "NA"]
[PlyCount "36"]
[EventDate "2019.10.25"]
[EventType "swiss"]
[EventCountry "SWE"]
[SourceTitle "playchess.com"]
[Source "ChessBase"]
[SourceQuality "1"]
[TimeControl "5400+30"]

1. Nf3 {[%emt 1:30:30]} d5 {[%emt 1:30:30]} 2. c4 {[%emt 0:00:30]} e6 {[%emt 0:00:30]} 3. g3 {[%emt 0:00:30]} Nf6 {[%emt 0:00:30]} 4. Bg2 {[%emt 0:00:30]} c5 {[%emt 0:00:30]} 5. O-O {[%emt 0:00:30]} Nc6 {[%emt 0:00:30]} 6. b3 {[%emt 0:00:30]} Bd6 {[%emt 0:00:30]} 7. Bb2 {[%emt 0:00:30]} Bd7 {[%emt 0:00:30]} 8. e3 {[%emt 0:00:30]} O-O {[%emt 0:00:30]} 9. Nc3 {[%emt 0:00:30]} Rc8 {[%emt 0:00:30]} 10. Rc1 {[%emt 0:00:30]} Re8 {[%emt 0:00:30]} 11. d4 {[%emt 0:00:30]} cxd4 {[%emt 0:00:30]} 12. exd4 {[%emt 0:00:30]} b6 {[%emt 0:00:30]} 13. Re1 {[%emt 0:00:30]} dxc4 {[%emt 0:00:30]} 14. bxc4 {[%emt 0:00:30]} Na5 {[%emt 0:00:30]} 15. Nb5 {[%emt 0:00:30]} Nxc4 {[%emt 0:00:30]} 16. Rxc4 {[%emt 0:00:30]} Bxb5 {[%emt 0:00:30]} 17. Rc5 {[%emt 0:00:30]} Rc7 18. Rxc7 Qc8 {[%emt 0:01:00]} *

[Event "6th Uppsala Young Champions 2019"]
[Site "Uppsala"]
[Date "2019.10.30"]
[Round "9.15"]
[White "Dingertz, Erik"]
[Black "Ostlund, Joar"]
[Result "0-1"]
[WhiteElo "1908"]
[BlackElo "1955"]
[Annotator "NA"]
[PlyCount "58"]
[EventDate "2019.10.25"]
[EventType "swiss"]
[EventCountry "SWE"]
[SourceTitle "playchess.com"]
[Source "ChessBase"]
[SourceQuality "1"]
[TimeControl "5400+30"]

1. Nf3 {[%emt 1:30:30]} d5 {[%emt 1:30:30]} 2. c4 {[%emt 0:00:30]} e6 {[%emt 0:00:30]} 3. g3 {[%emt 0:00:30]} Nf6 {[%emt 0:00:30]} 4. Bg2 {[%emt 0:00:30]} c5 {[%emt 0:00:30]} 5. O-O {[%emt 0:00:30]} Nc6 {[%emt 0:00:30]} 6. b3 {[%emt 0:00:30]} Bd6 {[%emt 0:00:30]} 7. Bb2 {[%emt 0:00:30]} Bd7 {[%emt 0:00:30]} 8. e3 {[%emt 0:00:30]} O-O {[%emt 0:00:30]} 9. Nc3 {[%emt 0:00:30]} Rc8 {[%emt 0:00:30]} 10. Rc1 {[%emt 0:00:30]} Re8 {[%emt 0:00:30]} 11. d4 {[%emt 0:00:30]} cxd4 {[%emt 0:00:30]} 12. exd4 {[%emt 0:00:30]} b6 {[%emt 0:00:30]} 13. Re1 {[%emt 0:00:30]} dxc4 {[%emt 0:00:30]} 14. bxc4 {[%emt 0:00:30]} Na5 {[%emt 0:00:30]} 15. Nb5 {[%emt 0:00:30]} Nxc4 {[%emt 0:00:30]} 16. Rxc4 {[%emt 0:00:30]} Bxb5 {[%emt 0:00:30]} 17. Rxc8 Qxc8 {[%emt 0:00:30]} 18. Qb3 {[%emt 0:01:00]} Bc6 {[%emt 0:00:30]} 19. Rc1 {[%emt 0:00:30]} Qb7 {[%emt 0:00:30]} 20. Qc3 {[%emt 0:00:30]} Bd5 {[%emt 0:00:30]} 21. Ne1 {[%emt 0:00:30]} h6 {[%emt 0:00:30]} 22. a4 {[%emt 0:00:30]} Ne4 {[%emt 0:00:30]} 23. Bxe4 {[%emt 0:00:30]} Bxe4 {[%emt 0:00:30]} 24. f3 {[%emt 0:00:30]} Bd5 {[%emt 0:00:30]} 25. Kf2 {[%emt 0:00:30]} Qa6 {[%emt 0:00:30]} 26. a5 {[%emt 0:00:30]} bxa5 {[%emt 0:00:30]} 27. Ra1 {[%emt 0:00:30]} Rb8 {[%emt 0:00:30]} 28. Nd3 {[%emt 0:00:30]} Rb3 {[%emt 0:00:30]} 29. Rxa5 {[%emt 0:00:30]} Qxd3 {[%emt 0:00:30]} 0-1

[Event "6th Uppsala Young Champions 2019"]
[Site "Uppsala"]
[Date "2019.10.30"]
[Round "9.16"]
[White "Ostensson, Julia"]
[Black "Skahlberg Bjerknes-Lima de Far, Warg"]
[Result "1-0"]
[WhiteElo "1483"]
[BlackElo "1637"]
[Annotator "NA"]
[PlyCount "59"]
[EventDate "2019.10.25"]
[EventType "swiss"]
[EventCountry "SWE"]
[SourceTitle "playchess.com"]
[Source "ChessBase"]
[SourceQuality "1"]
[TimeControl "5400+30"]

1. e4 {[%emt 1:30:30]} c5 {[%emt 1:30:30]} 2. Nf3 {[%emt 0:00:30]} Nc6 {[%emt 0:00:30]} 3. d4 {[%emt 0:00:30]} cxd4 {[%emt 0:00:30]} 4. Nxd4 {[%emt 0:00:30]} g6 {[%emt 0:00:30]} 5. Nc3 {[%emt 0:00:30]} Bg7 {[%emt 0:00:30]} 6. Be3 {[%emt 0:00:30]} d6 {[%emt 0:00:30]} 7. Be2 {[%emt 0:00:30]} Nf6 {[%emt 0:00:30]} 8. O-O {[%emt 0:00:30]} O-O {[%emt 0:00:30]} 9. Nb3 {[%emt 0:00:30]} Bd7 {[%emt 0:00:30]} 10. f4 {[%emt 0:00:30]} a6 {[%emt 0:00:30]} 11. g4 {[%emt 0:00:30]} Rc8 {[%emt 0:00:30]} 12. g5 {[%emt 0:00:30]} Ne8 {[%emt 0:00:30]} 13. f5 {[%emt 0:00:30]} b5 {[%emt 0:00:30]} 14. Nd5 {[%emt 0:00:30]} Rb8 {[%emt 0:00:30]} 15. f6 {[%emt 0:00:30]} Bh8 {[%emt 0:00:30]} 16. Nd4 {[%emt 0:00:30]} exf6 {[%emt 0:00:30]} 17. gxf6 {[%emt 0:00:30]} Nxf6 {[%emt 0:00:30]} 18. Bg5 {[%emt 0:00:30]} Nxd4 {[%emt 0:00:30]} 19. Bxf6 {[%emt 0:00:30]} Nxe2+ {[%emt 0:00:30]} 20. Qxe2 {[%emt 0:00:30]} Bxf6 {[%emt 0:00:30]} 21. Nxf6+ {[%emt 0:00:30]} Kg7 {[%emt 0:00:30]} 22. Qe3 {[%emt 0:00:30]} Be6 {[%emt 0:00:30]} 23. Qc3 {[%emt 0:00:30]} Qb6+ {[%emt 0:00:30]} 24. Kg2 {[%emt 0:00:30]} Qc5 {[%emt 0:00:30]} 25. Ne8+ {[%emt 0:00:30]} Kh6 {[%emt 0:00:30]} 26. Qg7+ {[%emt 0:00:30]} Kg5 {[%emt 0:00:30]} 27. h4+ {[%emt 0:00:30]} Kxh4 {[%emt 0:00:30]} 28. Qh6+ {[%emt 0:00:30]} Qh5 {[%emt 0:00:30]} 29. Rf4+ {[%emt 0:00:30]} Bg4 {[%emt 0:00:30]} 30. Rh1# {[%emt 0:00:30]} 1-0